[Event "Corrientes Mayor Rosarino op"]
[Site "Corrientes"]
[Date "2022.10.10"]
[Round "8"]
[White "Ibarra, Juan Martin"]
[Black "Santi, Santiago"]
[Result "1-0"]
[WhiteElo "2173"]
[BlackElo "1728"]
[PlyCount "53"]
[EventDate "2022.10.06"]
[EventType "swiss"]
[EventRounds "9"]
[EventCountry "ARG"]
[SourceTitle "CBM 210 Extra"]
[Source "ChessBase"]
[SourceDate "2022.11.30"]
[SourceVersion "1"]
[SourceVersionDate "2022.11.30"]
[SourceQuality "1"]

1. Nf3 e6 2. b3 Nf6 3. Bb2 g6 4. g3 Bg7 5. Bg2 Nc6 6. 0-0 b6 7. e4 0-0 8. Re1 Bb7 9. d4 d5 10. e5 Nd7 11. c4 Ne7 12. Nc3 c6 13. a4 Qc7 14. Rc1 Rfe8 15. cxd5 Nxd5 16. Nb5 cxb5 17. Rxc7 Nxc7 18. axb5 Nd5 19. Nd2 Rac8 20. Nc4 Bf8 21. Qa1 Ra8 22. Ba3 Rec8 23. Bxf8 Kxf8 24. Nd6 Rc7 25. Rc1 Rxc1+ 26. Qxc1 Rb8 27. Nxb7 1-0

[Event "Corrientes Mayor Rosarino op"]
[Site "Corrientes"]
[Date "2022.10.06"]
[Round "1"]
[White "Santi, Santiago"]
[Black "Sanhueza, Cristian"]
[Result "0-1"]
[WhiteElo "1728"]
[BlackElo "2125"]
[PlyCount "82"]
[EventDate "2022.10.06"]
[EventType "swiss"]
[EventRounds "9"]
[EventCountry "ARG"]
[SourceTitle "CBM 210 Extra"]
[Source "ChessBase"]
[SourceDate "2022.11.30"]
[SourceVersion "1"]
[SourceVersionDate "2022.11.30"]
[SourceQuality "1"]

1. e4 g6 2. Nc3 Bg7 3. f4 c6 4. Nf3 d5 5. e5 Nh6 6. g3 Bg4 7. Bg2 e6 8. h3 Bxf3 9. Qxf3 Nf5 10. 0-0 h5 11. d3 Nd7 12. b3 g5 13. Ba3 g4 14. Qf2 Qa5 15. Bb2 h4 16. Ne2 gxh3 17. Bxh3 hxg3 18. Qg2 Ne3 19. Qxg3 Nxf1 20. Kxf1 0-0-0 21. Bc3 Qb6 22. Bd4 c5 23. Bf2 Rdg8 24. Qf3 Qa5 25. c4 d4 26. Bg2 Qc7 27. b4 f6 28. bxc5 fxe5 29. Rb1 Nxc5 30. Rb5 b6 31. Bh3 Qb7 32. Rxc5+ bxc5 33. Bxe6+ Kc7 34. Qg4 Qb1+ 35. Be1 Rh1+ 36. Kg2 Qxe1 37. Bxg8 Qf1+ 38. Kg3 exf4+ 39. Qxf4+ Qxf4+ 40. Nxf4 Be5 41. Kg4 Rg1+ 0-1